Swedish Musical Acts - Statistics

General Stats
  • This quiz has been taken 153 times
  • The average score is 9 of 18
Answer Stats
Songs Musical Acts % Correct
Dancing Queen | Waterloo ABBA
99%
The Final Countdown | Carrie Europe
87%
Wake Me Up | Hey Brother Avicii
81%
All That She Wants | The Sign Ace of Base
68%
It Must Have Been Love | The Look Roxette
67%
Don't You Worry Child | Miami 2 Ibiza Swedish House Mafia
60%
Lovefool | My Favourite Game The Cardigans
58%
Euphoria | My Heart Is Refusing Me Loreen
57%
Lush Life | Never Forget You Zara Larsson
57%
Cotton Eye Joe | The Spirit of the Hawk Rednex
49%
Dancing on My Own | Call You Girlfriend Robyn
48%
Heroes | Love Love Peace Peace Måns Zelmerlöw
45%
Habits | Talking Body Tove Lo
35%
Katten i trakten | Nu Vi Skiner Einár
34%
Husavik | Freak Molly Sandén
24%
I Follow Rivers | Little Bit Lykke Li
22%
Ghost Division | Swedish Pagans Sabaton
19%
The Rocket Man | Midnite Special The Spotnicks
0%
No matching quizzes found
Score Distribution
Percent of People with Each Score
Percentile by Number Answered
Your Score History
You have not taken this quiz